History Quiz

Random History or World Quiz

World History A-Z II Quiz Stats

 Plays Quiz Updated Mar 25, 2016

Also try: World History A-Z
Challenge
Share
Tweet
Embed
Score 0/26 Timer 05:00
6 Plays Today
Letter Answer % Correct
AApartheid
88.9%
LVladimir Lenin
83%
UUnited Nations
82.6%
FFeudalism
79.7%
WWaterloo
79.5%
TThatcher
77.5%
DDante Alighieri
76%
IIron Curtain
66.8%
HHan Dynasty
62.7%
RRobespierre
44.9%
MMachu Picchu
43.3%
OOliver Cromwell
40.6%
KKiev
37.1%
Letter Answer % Correct
SSaladin
33.3%
JJustinian
32.4%
BBushido
31.9%
GGordian Knot
28.9%
CChitzen Itza
28%
NNebuchadnezzar
26.2%
EExcommunication
25.6%
YYuan Dynasty
20.7%
XXYZ Affair
20.4%
PPericles
19.8%
QQuebec
19%
VVedas
16.6%
ZZama
7.8%

You're not logged in!

Compare scores with friends on all Sporcle quizzes.
Join for Free
OR
Log In

You Might Also Like...

Show Comments

Extras

Top Quizzes Today


Score Distribution

Your Account Isn't Verified!

In order to create a playlist on Sporcle, you need to verify the email address you used during registration. Go to your Sporcle Settings to finish the process.

Report this User

Report this user for behavior that violates our Community Guidelines.

Details: